MARC details
| 000 -LEADER |
| fixed length control field |
04195cam a2200589 i 4500 |
| 003 - CONTROL NUMBER IDENTIFIER |
| control field |
URS |
| 005 - DATE AND TIME OF LATEST TRANSACTION |
| control field |
20260218105756.0 |
| 006 - FIXED-LENGTH DATA ELEMENTS--ADDITIONAL MATERIAL CHARACTERISTICS |
| fixed length control field |
m o d |
| 008 - FIXED-LENGTH DATA ELEMENTS--GENERAL INFORMATION |
| fixed length control field |
191012s2019 ne ob 001 0 eng d |
| 040 ## - CATALOGING SOURCE |
| Original cataloging agency |
EBLCP |
| Language of cataloging |
eng |
| Description conventions |
rda |
| -- |
pn |
| Transcribing agency |
EBLCP |
| Modifying agency |
YDX |
| -- |
EBLCP |
| -- |
JSTOR |
| -- |
OCLCQ |
| -- |
OCLCF |
| -- |
OCLCO |
| -- |
N$T |
| -- |
OCLCQ |
| -- |
DEGRU |
| -- |
YDXIT |
| -- |
UKAHL |
| -- |
OCL |
| -- |
OCLCQ |
| -- |
CAMBR |
| -- |
P@U |
| -- |
OCLCO |
| -- |
OCLCQ |
| -- |
K6U |
| -- |
UKKNU |
| -- |
OCLCO |
| Transcribing agency |
|
| 020 ## - INTERNATIONAL STANDARD BOOK NUMBER |
| International Standard Book Number |
9789048550463 |
| Qualifying information |
(electronic book) |
| 020 ## - INTERNATIONAL STANDARD BOOK NUMBER |
| International Standard Book Number |
9048550467 |
| Qualifying information |
(electronic book) |
| 020 ## - INTERNATIONAL STANDARD BOOK NUMBER |
| International Standard Book Number |
9463724621 |
| 020 ## - INTERNATIONAL STANDARD BOOK NUMBER |
| International Standard Book Number |
9789463724623 |
| 041 1# - LANGUAGE CODE |
| Language code of text/sound track or separate title |
eng |
| Language code of original |
fre |
| 050 #4 - LIBRARY OF CONGRESS CALL NUMBER |
| Classification number |
TR848 |
| Item number |
.T8713 2019 |
| 050 #4 - LIBRARY OF CONGRESS CALL NUMBER |
| Classification number |
TR878 |
| 100 1# - MAIN ENTRY--PERSONAL NAME |
| Personal name |
Turquety, Benoît, |
| Relator term |
author. |
| Authority record control number or standard number |
http://id.loc.gov/authorities/names/no2009194403 |
| 240 10 - UNIFORM TITLE |
| Uniform title |
Inventer le cinéma. |
| Language of a work |
English |
| 245 10 - TITLE STATEMENT |
| Title |
Inventing cinema : |
| Remainder of title |
machines, gestures and media history / |
| Statement of responsibility, etc. |
Benoît Turquety ; translated by Timothy Barnard. |
| 264 #1 - PRODUCTION, PUBLICATION, DISTRIBUTION, MANUFACTURE, AND COPYRIGHT NOTICE |
| Place of production, publication, distribution, manufacture |
Amsterdam : |
| Name of producer, publisher, distributor, manufacturer |
Amsterdam University Press, |
| Date of production, publication, distribution, manufacture, or copyright notice |
[2019] |
| 300 ## - PHYSICAL DESCRIPTION |
| Extent |
1 online resource |
| 336 ## - CONTENT TYPE |
| Content type term |
text |
| Content type code |
txt |
| Source |
rdacontent |
| 337 ## - MEDIA TYPE |
| Media type term |
computer |
| Media type code |
c |
| Source |
rdamedia |
| 338 ## - CARRIER TYPE |
| Carrier type term |
online resource |
| Carrier type code |
cr |
| Source |
rdacarrier |
| 490 1# - SERIES STATEMENT |
| Series statement |
Cinema and technology ; |
| Volume/sequential designation |
1 |
| 505 0# - FORMATTED CONTENTS NOTE |
| Formatted contents note |
Cover; Table of Contents; Acknowledgements; Introduction: The Problems of Digital Cinema; 1. The Why and How of Machines; 2. Invention, Innovation, History; 3. The Invention of the Problem; 4. The Invention of the Cinématographe; 5. 'Natural Colour Kinematography', a New Cinema Invention: Kinemacolor, Technical Network and Commercial Policies; 6. Epilogue; Bibliography; Index |
| 520 ## - SUMMARY, ETC. |
| Summary, etc. |
With machines mediating most of our cultural practices, and innovations, obsolescence and revivals constantly transforming our relation with images and sounds, media feel more unstable than ever. But was there ever a "stable" moment in media history? Inventing Cinema proposes to approach this question through an archaeology and an epistemology of media machines. The archaeology analyses them as archives of users' gestures, as well as of modes of perception. The epistemology reconstructs the problems that the machines' designers and users have strived to solve, and the network of concepts they have elaborated to understand these problems. Drawing on the philosophy of technology and anthropology, Inventing Cinema argues that networks of gestures, problems, perception and concepts are inscribed in vision machines, from the camera obscura to the stereoscope, the Cinématographe, and digital cinema. The invention of cinema is ultimately seen as an ongoing process irreducible to a single moment in history. |
| 588 0# - SOURCE OF DESCRIPTION NOTE |
| Source of description note |
Online resource; title from digital title page (viewed on December 13, 2019). |
| 504 ## - BIBLIOGRAPHY, ETC. NOTE |
| Bibliography, etc. note |
Includes bibliographical references (pages 249-263) and index. |
| 546 ## - LANGUAGE NOTE |
| Language note |
Translated from French. |
| 590 ## - LOCAL NOTE (RLIN) |
| Local note |
JSTOR |
| Provenance (VM) [OBSOLETE] |
Books at JSTOR Open Access |
| 650 #0 - SUBJECT ADDED ENTRY--TOPICAL TERM |
| Topical term or geographic name entry element |
Cinematography |
| General subdivision |
History. |
| 650 #0 - SUBJECT ADDED ENTRY--TOPICAL TERM |
| Topical term or geographic name entry element |
Cinematography |
| General subdivision |
Equipment and supplies. |
| Authority record control number or standard number |
http://id.loc.gov/authorities/subjects/sh87006145 |
| 650 #0 - SUBJECT ADDED ENTRY--TOPICAL TERM |
| Topical term or geographic name entry element |
Motion pictures |
| General subdivision |
Technique. |
| 650 #0 - SUBJECT ADDED ENTRY--TOPICAL TERM |
| Topical term or geographic name entry element |
Motion pictures |
| General subdivision |
History. |
| Authority record control number or standard number |
http://id.loc.gov/authorities/subjects/sh87002438 |
| 650 #6 - SUBJECT ADDED ENTRY--TOPICAL TERM |
| Topical term or geographic name entry element |
Cinéma |
| General subdivision |
Histoire. |
| 650 #6 - SUBJECT ADDED ENTRY--TOPICAL TERM |
| Topical term or geographic name entry element |
Cinéma |
| General subdivision |
Appareils et matériel. |
| 650 #7 - SUBJECT ADDED ENTRY--TOPICAL TERM |
| Topical term or geographic name entry element |
PERFORMING ARTS |
| General subdivision |
Film & Video |
| -- |
History & Criticism. |
| Source of heading or term |
bisacsh |
| 650 #7 - SUBJECT ADDED ENTRY--TOPICAL TERM |
| Topical term or geographic name entry element |
Motion pictures |
| General subdivision |
Technique. |
| Source of heading or term |
fast |
| Authority record control number or standard number |
(OCoLC)fst01027399 |
| 650 #7 - SUBJECT ADDED ENTRY--TOPICAL TERM |
| Topical term or geographic name entry element |
Cinematography. |
| Source of heading or term |
fast |
| Authority record control number or standard number |
(OCoLC)fst00861484 |
| 650 #7 - SUBJECT ADDED ENTRY--TOPICAL TERM |
| Topical term or geographic name entry element |
Cinematography |
| General subdivision |
Equipment and supplies. |
| Source of heading or term |
fast |
| Authority record control number or standard number |
(OCoLC)fst00861487 |
| 650 #7 - SUBJECT ADDED ENTRY--TOPICAL TERM |
| Topical term or geographic name entry element |
Motion pictures. |
| Source of heading or term |
fast |
| Authority record control number or standard number |
(OCoLC)fst01027285 |
| 650 #7 - SUBJECT ADDED ENTRY--TOPICAL TERM |
| Topical term or geographic name entry element |
Cinéma |
| General subdivision |
Appareils et matériel |
| -- |
Histoire. |
| Source of heading or term |
ram |
| 650 #7 - SUBJECT ADDED ENTRY--TOPICAL TERM |
| Topical term or geographic name entry element |
Cinéma |
| General subdivision |
Technique |
| -- |
Histoire. |
| Source of heading or term |
ram |
| 650 #7 - SUBJECT ADDED ENTRY--TOPICAL TERM |
| Topical term or geographic name entry element |
Cinéma numérique. |
| Source of heading or term |
ram |
| 776 08 - ADDITIONAL PHYSICAL FORM ENTRY |
| Relationship information |
Print version: |
| Main entry heading |
Turquety, Benoît. |
| Title |
Inventing Cinema : Machines, Gestures and Media History. |
| Place, publisher, and date of publication |
Amsterdam : Amsterdam University Press, ©2019 |
| 830 #0 - SERIES ADDED ENTRY--UNIFORM TITLE |
| Uniform title |
Cinema and technology (Amsterdam, Netherlands) ; |
| Volume/sequential designation |
1. |
| Authority record control number or standard number |
http://id.loc.gov/authorities/names/no2020016268 |
| 856 ## - ELECTRONIC LOCATION AND ACCESS |
| Uniform Resource Identifier |
<a href="https://docs.google.com/spreadsheets/d/1yKIrdCPDAG_9c22mwoOIO2DOhtj65Wqa/edit?usp=sharing&ouid=106555315294820607512&rtpof=true&sd=true ">https://docs.google.com/spreadsheets/d/1yKIrdCPDAG_9c22mwoOIO2DOhtj65Wqa/edit?usp=sharing&ouid=106555315294820607512&rtpof=true&sd=true </a> |
| Link text |
List of Curated E-Books |
| 942 ## - ADDED ENTRY ELEMENTS (KOHA) |
| Source of classification or shelving scheme |
Library of Congress Classification |
| Koha item type |
E-Book |
| 994 ## - |
| -- |
92 |
| -- |
PHURS |